"Gentes y Gentecillas". Una novela moderna en la década del 40

Furkejuvvon:
Bibliográfalaš dieđut
Váldodahkki: Luarca Saballos, Lydia
Materiálatiipa: Girji
Giella:Undetermined
Almmustuhtton: San José, Costa Rica Universidad de Costa Rica, Facultad de Letras, Escuela de Filología, Lingüística y Literatura 1977
Fáttát:
Fáddágilkorat: Lasit fáddágilkoriid
Eai fáddágilkorat, Lasit vuosttaš fáddágilkora!

MARC

LEADER 00000nam a2200000Ia 4500
008 170316s9999 xx 000 0 und d
999 |c 14161  |d 14161 
040 |a cru BVZT 
090 |a TESIS 511 
100 |a Luarca Saballos, Lydia 
245 |a "Gentes y Gentecillas". Una novela moderna en la década del 40 
260 |a San José, Costa Rica  |b Universidad de Costa Rica, Facultad de Letras, Escuela de Filología, Lingüística y Literatura  |c 1977 
300 |a 155 páginas 
650 |a LICENCIATURA EN FILOLOGÍA ESPAÑOLA 
650 |a TRABAJO FINAL DE GRADUACIÓN  |9 237 
942 |c TFG  |h TESIS 511  |2 z